000 00374nam a2200145 4500
999 _c9482
_d9482
003 OSt
005 20210628114927.0
008 210628b ||||| |||| 00| 0 eng d
020 _a9780500203743
082 _a720.9411
_bGLE
100 _aGlendinning, Miles, 1956-
245 _aScottish architecture
260 _aNew York
_bThames and Hudson world of art
_c2004
942 _2ddc